000 00215nam a22000977a 4500
003 OSt
008 210121b ||||| |||| 00| 0 eng d
100 _aEdser, Edwin
_94904
245 _aLight for students
942 _cBK
999 _c16794
_d16794